000 00305nam a22001337a 4500
008 181011b xxu||||| |||| 00| 0 eng d
020 _a9780763726355
041 _aeng
080 _a721
100 _a41
101 _aARK
245 _aComputer Organization and Architecture
_cNull, L
942 _2udc
_cBK
999 _c49460
_d49460